Antología del latín vulgar / (Record no. 24618)
[ view plain ]
| 000 -LEADER | |
|---|---|
| campo de control de longitud fija | 00770nam a2200229 i 4500 |
| 001 - NÚMERO DE CONTROL | |
| campo de control | 24618 |
| 003 - IDENTIFICADOR DE NÚMERO DE CONTROL | |
| campo de control | ES-MaACL |
| 005 - FECHA Y HORA DE LA ÚLTIMA TRANSACCIÓN | |
| campo de control | 20251112164243.0 |
| 007 - CAMPO FIJO DE DESCRIPCIÓN FÍSICA--INFORMACIÓN GENERAL | |
| campo de control de longitud fija | t| |
| 008 - DATOS DE LONGITUD FIJA--INFORMACIÓN GENERAL | |
| campo de control de longitud fija | 021218s1981 sp ||||1| spa d |
| 245 00 - MENCIÓN DEL TÍTULO | |
| Título | Antología del latín vulgar / |
| Mención de responsabilidad, etc. | Manuel C. Díaz y Díaz. |
| 250 ## - MENCION DE EDICION | |
| Mención de edición | 2ª ed., aum. y rev. |
| 260 ## - PUBLICACIÓN, DISTRIBUCIÓN, ETC. | |
| Lugar de publicación, distribución, etc. | Madrid : |
| Nombre del editor, distribuidor, etc. | Gredos, |
| Fecha de publicación, distribución, etc. | [1981] |
| 300 ## - DESCRIPCIÓN FÍSICA | |
| Extensión | 239 p. ; |
| Dimensiones | 19 cm. |
| 490 1# - MENCIÓN DE SERIE | |
| Mención de serie | Biblioteca románica hispánica. IV. Textos ; |
| Designación de volumen o secuencia | 1 |
| 650 04 - PUNTO DE ACCESO ADICIONAL DE MATERIA--TÉRMINO DE MATERIA | |
| Término de materia o nombre geográfico como elemento de entrada | Lengua latina- |
| Subdivisión de forma | Textos. |
| 9 (RLIN) | 14307 |
| 650 #4 - PUNTO DE ACCESO ADICIONAL DE MATERIA--TÉRMINO DE MATERIA | |
| Término de materia o nombre geográfico como elemento de entrada | Lengua latina medieval y moderna- |
| Subdivisión general | Textos. |
| 9 (RLIN) | 168288 |
| 700 1# - ENTRADA AGREGADA--NOMBRE PERSONAL | |
| Nombre de persona | Díaz y Díaz, Manuel C., |
| Fechas asociadas al nombre | 1924-2008 |
| 9 (RLIN) | 44462 |
| 830 0# - PUNTO DE ACCESO ADICIONAL DE SERIE-TÍTULO UNIFORME | |
| Título uniforme | Biblioteca románica hispánica. IV. Textos ; |
| Designación de volumen o secuencia | 1 |
| 9 (RLIN) | 178362 |
| 852 ## - LOCALIZACIÓN | |
| Ubicación | ES-MaACL |
| Número de control de estantería | L-1895 |
| Sublocalización o colección | R.102516 |
| Estatus retirado | Estado de pérdida | Estado de daño | No para préstamo | Biblioteca de origen | Biblioteca actual | Ubicación en estantería | Fecha de adquisición | Fuente de adquisición | Total de préstamos | Signatura topográfica completa | Código de barras | Visto por última vez | Precio de reemplazo | Tipo de ítem Koha |
|---|---|---|---|---|---|---|---|---|---|---|---|---|---|---|
| Biblioteca del Ateneo de Madrid | Biblioteca del Ateneo de Madrid | Depósito 2 | 17/01/2008 | L-1895 | 1025381 | 23/02/2023 | 23/02/2023 | Libro impreso |
